English for international tourism 3 students book (Kèm theo CD/ 838-40)
Đã lưu trong:
| 格式: | 圖書 |
|---|---|
| 出版: |
2008
|
| 標簽: |
添加標簽
沒有標簽, 成為第一個標記此記錄!
|
| Thư viện lưu trữ: | Mạng thư viện Đại học Đà Nẵng |
|---|
| LEADER | 00480nam a22001811a 4500 | ||
|---|---|---|---|
| 001 | 000038423 | ||
| 003 | 14718 | ||
| 005 | 20160412021310.0 | ||
| 008 | 160412s2008 000 | ||
| 082 | |a 4A(07)2532 | ||
| 245 | |a English for international tourism 3 students book (Kèm theo CD/ 838-40) |c Robin Walker | ||
| 260 | |c 2008 | ||
| OWN | |a LNN | ||
| 999 | |a From the UDN01 | ||
| TYP | |a Monograph | ||
| 980 | |a Mạng thư viện Đại học Đà Nẵng | ||